| 000 | 01480 a2200229 4500 | ||
|---|---|---|---|
| 005 | 20080828143856.0 | ||
| 008 | 080828t xxu||||| |||| 00| 0 hin d | ||
| 010 | _aHIN-82621 | ||
| 020 |
_a8121401429 _c375.00 |
||
| 035 | _aHN-54967 | ||
| 037 | _bपु.प्र.अ.प्र/प्रका | ||
| 082 | _a398.921 | ||
| 100 | _aगाबा, ओम् प्रकाश | ||
| 245 |
_aविचारमूलक विश्व लोकोक्ति कोश:(अंग्रेजी-हिन्दी-अंग्रेज़ी) _cओम् प्रकाश गाबा / _bसृजनात्मक लेखन, अनुवाद-शिक्षा और मौलिक चिंतन की प्रेरणा के लिए उपयोगी संदर्भ-ग्रंथ |
||
| 246 |
_aVicharmulak Vishwa Lokokti Kosh _bby O.P.Gauba |
||
| 250 | _a2रा संस्क | ||
| 260 |
_aनई दिल्ली _bनेशनल पब्लिशिंग हाउस _c2006 |
||
| 270 |
_a2/35, अंसारी रोड, दरियागंज _bनई दिल्ली _e110002 |
||
| 300 |
_axii,328पृ _c25सेमी (सजिल्द) |
||
| 942 |
_adpl _cHN _k398.921 / गाबाओ _2ddc _h398.921 _mगाबाओ |
||
| 999 |
_c10761 _d10761 |
||